000 00823nam a2200253Ia 4500
003 GCL
008 140319s9999 xx 000 0 ara d
040 _aGCL /
_cGCL
082 0 4 _a327.5310538
_bع ق
100 1 _aعبدالله فؤاد ربيعى
245 1 0 _aقضايا الحدود السياسية للسعودية والكويت مابين الحربين العالميتين /
_cعبدالله فؤاد ربيعى
260 _a[S.N] :
_bمكتبة مدبولى
300 _a111 ص
490 _a
650 0 4 _aالعصر الحديث
650 0 4 _aالكويت
650 0 4 _aتاريخ
650 0 4 _aالعراق
650 0 4 _aالسعودية
650 0 4 _aالسياسة الخارجية
650 0 4 _aالحدود السياسية
650 0 4 _aالحدود الدولية
942 _2ddc
_cBK
999 _c55740
_d55740